00924nam a2200229 i 450000100060000000300090000600500170001500700030003200800410003510000310007624500930010726000360020030000260023660000660026260000380032860000430036660000660040961000600047585200210053599900170055695201210057337326ES-MaACL20250905140714.0t|030220s1914 xxk ||||1| eng d1 aButler, Geoffrey G.93294314aThe tory tradition b: Bolingbroke, Burke, Disraeli, Salisbury /cby Geoffrey G. Butler. aLondon : bJohn Murray, c1914. aXI, 143 p. ; c19 cm.14aBolingbroke, Henry St. John, cViscount (d1678-1751)915679504aBurke, Edmund, d1729-179793269814aDisraeli, Benjamin, d1804-188194487817aSalisbury, Robert Cecil, cMarquess of, d1830-19032915679624aConservative Party (Gran Bretaña)-vHistoria.9156794 aES-MaACLjD-1738 c37326d37326 00104070aATENEOMbATENEOMcSVId2008-01-17eSCl0oD-1738p901039281r2023-02-23 00:00:00w2023-02-23yMONOGRAFIA